| 000 | 01116cam a2200325 i 4500 | ||
|---|---|---|---|
| 003 | DO-SdBNP | ||
| 005 | 20250407154530.0 | ||
| 007 | ta | ||
| 008 | 751003s2015 sp 000 0 spa d | ||
| 020 | _a9788420693972 | ||
| 040 |
_aDO-SdBNP _bspa _cBNPHU _erda |
||
| 041 | _hspa | ||
| 082 |
_axxx _bM392e _222 |
||
| 100 | 1 |
_aMarx, Karl, _d1818-1883 _eautor _4aut. _930439 |
|
| 240 | 1 | 4 |
_aDer achtzebnte brumaire des Louis Bonaparte / _lEspañol |
| 245 | 1 | 3 |
_aEl dieciocho Brumario de Luis Bonaparte/ _cKarl Marx, ; traducción, introducción y notas, Elisa Chuliá |
| 250 | _aSegunda edición | ||
| 264 | 1 |
_aMadrid, España : _bAlianza editorial, _c2015. |
|
| 300 |
_a217 páginas _c18 cm. |
||
| 336 |
_atexto _btxt _2rdacontent |
||
| 337 |
_asin mediación _bn _2rdamedia |
||
| 338 |
_avolumen _bnc _2rdacarrier |
||
| 490 | 1 | _aColección Ciencias sociales | |
| 500 | _aEl libro de bolsillo. | ||
| 500 | _aIncluye referencias bibliográficas y notas al pie de las páginas | ||
| 590 | _aInventariado, 2023/ YL | ||
| 700 | 1 |
_aChuliá, Elisa _etraductor _984411 _4tr. |
|
| 910 | _aYlockward | ||
| 942 |
_2ddc _cLBS1 |
||
| 999 |
_c55110 _d55110 |
||